[Event "MSR_ch16"]
[Site "?"]
[Date "2024.04.12"]
[Round "9.10"]
[White "Visvader, Kristof"]
[Black "Cizmar, Tomas"]
[Result "0-1"]
[BlackElo "1736"]
[WhiteElo "1740"]
[LiveChessVersion "1.4.8"]

1. e4 {[%clk 1:30:54]} c5 {[%clk 1:30:52]} 2. Nf3 {[%clk 1:31:16]} d6
{[%clk 1:31:12]} 3. d4 {[%clk 1:31:41]} cxd4 {[%clk 1:31:36]} 4. Nxd4
{[%clk 1:32:07]} Nf6 {[%clk 1:31:58]} 5. Nc3 {[%clk 1:32:33]} Nc6
{[%clk 1:32:16]} 6. Be3 {[%clk 1:32:37]} Ng4 {[%clk 1:32:17]} 7. Bc1
{[%clk 1:32:49]} Qb6 {[%clk 1:32:24]} 8. Bb5 {[%clk 1:30:15]} Bd7 9. Bxc6
{[%clk 1:28:19]} bxc6 {[%clk 1:21:30]} 10. O-O {[%clk 1:26:03]} e5
{[%clk 1:15:17]} 11. Nf5 Bxf5 12. exf5 {[%clk 1:20:40]} Nf6 {[%clk 1:14:31]} 13.
b3 {[%clk 1:16:35]} Be7 {[%clk 1:13:32]} 14. Bg5 {[%clk 1:16:04]} Rd8
{[%clk 1:11:30]} 15. Bxf6 {[%clk 1:15:28]} Bxf6 {[%clk 1:06:25]} 16. Ne4
{[%clk 1:15:07]} Be7 {[%clk 1:05:54]} 17. Qg4 {[%clk 1:13:39]} Bf6
{[%clk 0:59:35]} 18. Kh1 {[%clk 1:07:13]} d5 {[%clk 0:55:05]} 19. Nxf6+
{[%clk 1:05:30]} gxf6 {[%clk 0:55:33]} 20. f4 {[%clk 1:05:30]} e4
{[%clk 0:55:36]} 21. Rfe1 {[%clk 1:03:53]} Ke7 {[%clk 0:47:55]} 22. c4
{[%clk 1:03:23]} h5 {[%clk 0:41:38]} 23. Qh4 {[%clk 1:03:17]} Qa5
{[%clk 0:23:55]} 24. cxd5 {[%clk 1:02:45]} cxd5 {[%clk 0:24:14]} 25. Rac1
{[%clk 1:02:26]} Rc8 {[%clk 0:23:48]} 26. Rcd1 {[%clk 1:01:29]} Rc2
{[%clk 0:22:28]} 27. g4 {[%clk 1:01:19]} Qc3 {[%clk 0:19:30]} 28. Rf1
{[%clk 0:58:10]} e3 {[%clk 0:16:27]} 29. Rxd5 {[%clk 0:57:55]} Qc6
{[%clk 0:16:39]} 30. Rfd1 {[%clk 0:56:22]} Rd8 {[%clk 0:15:55]} 0-1

[Event "MSR_ch16"]
[Site "?"]
[Date "2024.04.12"]
[Round "9.11"]
[White "Slivinsky, Maxim"]
[Black "Kapinaj, Matus"]
[Result "1/2-1/2"]
[BlackElo "1858"]
[WhiteElo "1638"]
[LiveChessVersion "1.4.8"]

1. e4 {[%clk 1:30:56]} e6 {[%clk 1:30:41]} 2. d4 {[%clk 1:31:09]} d5
{[%clk 1:31:07]} 3. exd5 {[%clk 1:31:17]} exd5 {[%clk 1:31:33]} 4. Bd3
{[%clk 1:31:27]} Nc6 {[%clk 1:31:58]} 5. c3 {[%clk 1:31:39]} Bd6 {[%clk 1:32:20]}
6. Nf3 {[%clk 1:30:04]} Bg4 {[%clk 1:29:51]} 7. h3 {[%clk 1:24:21]} Bh5
{[%clk 1:29:21]} 8. O-O {[%clk 1:20:59]} Qd7 {[%clk 1:29:43]} 9. Re1+
{[%clk 1:17:42]} Nge7 {[%clk 1:27:22]} 10. Nbd2 {[%clk 1:14:06]} O-O-O
{[%clk 1:27:40]} 11. b4 {[%clk 1:14:16]} Rdg8 {[%clk 1:27:43]} 12. Qc2
{[%clk 1:09:49]} g5 {[%clk 1:24:57]} 13. b5 {[%clk 0:58:21]} Nd8 {[%clk 1:24:08]}
14. Ne5 {[%clk 0:54:45]} Bxe5 {[%clk 1:24:01]} 15. Rxe5 {[%clk 0:54:25]} f6
{[%clk 1:23:21]} 16. Re3 {[%clk 0:53:01]} Bg6 {[%clk 1:18:22]} 17. a4
{[%clk 0:52:40]} Bxd3 {[%clk 1:10:15]} 18. Qxd3 {[%clk 0:51:41]} Ng6
{[%clk 1:10:07]} 19. Ba3 {[%clk 0:47:34]} Ne6 {[%clk 1:09:04]} 20. Qf5
{[%clk 0:45:21]} Nef4 {[%clk 1:09:14]} 21. Qxd7+ {[%clk 0:44:31]} Kxd7
{[%clk 1:09:39]} 22. Rae1 {[%clk 0:43:54]} Re8 {[%clk 1:10:04]} 23. Rxe8
{[%clk 0:39:00]} Rxe8 {[%clk 1:10:30]} 24. Rxe8 {[%clk 0:39:21]} Kxe8
{[%clk 1:10:55]} 25. Kf1 {[%clk 0:38:42]} Kd7 {[%clk 1:11:16]} 26. Nb3
{[%clk 0:35:46]} b6 {[%clk 1:10:18]} 27. Bc1 {[%clk 0:30:23]} Ke6
{[%clk 1:10:32]} 28. g3 {[%clk 0:28:03]} Nxh3 {[%clk 1:07:09]} 29. Kg2
{[%clk 0:28:31]} g4 {[%clk 1:07:32]} 30. f3 {[%clk 0:27:13]} Kf5 {[%clk 1:05:36]}
31. Nd2 {[%clk 0:26:26]} Ng5 {[%clk 1:05:51]} 32. fxg4+ {[%clk 0:25:49]} Kxg4
{[%clk 1:05:25]} 33. Nf1 {[%clk 0:25:56]} Kf5 {[%clk 1:05:21]} 34. Ne3+
{[%clk 0:24:41]} Ke4 {[%clk 1:05:32]} 35. Ng4 {[%clk 0:24:55]} Kf5
{[%clk 1:03:36]} 36. Ne3+ {[%clk 0:25:23]} Ke6 {[%clk 1:03:58]} 37. Ng4
{[%clk 0:23:18]} Ne4 {[%clk 1:03:50]} 38. Bb2 {[%clk 0:22:47]} h5
{[%clk 1:00:17]} 39. Ne3 {[%clk 0:23:08]} f5 {[%clk 0:59:53]} 40. Kf3
{[%clk 0:23:08]} Nxg3 {[%clk 1:00:05]} 41. Kxg3 {[%clk 0:22:07]} f4+
{[%clk 1:00:26]} 42. Kf3 {[%clk 0:22:29]} fxe3 {[%clk 1:00:50]} 43. Kxe3
{[%clk 0:22:52]} Kf5 {[%clk 1:01:15]} 44. Kf3 {[%clk 0:22:55]} h4
{[%clk 1:00:53]} 45. Bc1 {[%clk 0:23:14]} Nh8 {[%clk 1:00:32]} 46. Bf4
{[%clk 0:23:22]} Nf7 {[%clk 1:00:18]} 47. Bxc7 {[%clk 0:23:33]} Ng5+
{[%clk 1:00:43]} 48. Kg2 {[%clk 0:23:42]} Ne4 {[%clk 1:00:49]} 49. a5
{[%clk 0:23:47]} Nxc3 {[%clk 1:00:34]} 50. Bxb6 {[%clk 0:23:41]} Nxb5
{[%clk 1:00:32]} 51. Bc5 {[%clk 0:23:53]} Ke4 {[%clk 1:00:22]} 52. Kh3
{[%clk 0:24:03]} a6 {[%clk 1:00:38]} 53. Kxh4 {[%clk 0:24:07]} Nxd4
{[%clk 1:01:03]} 54. Kg4 {[%clk 0:23:51]} Nb3 {[%clk 1:00:45]} 55. Bb4
{[%clk 0:24:06]} d4 {[%clk 1:01:06]} 56. Kg5 {[%clk 0:24:19]} Kd5
{[%clk 1:01:18]} 57. Kf4 {[%clk 0:24:26]} Kc4 {[%clk 1:01:37]} 58. Be1
{[%clk 0:24:40]} Nc5 {[%clk 0:59:39]} 59. Kf3 {[%clk 0:24:39]} Kd3
{[%clk 0:59:39]} 60. Bb4 {[%clk 0:23:35]} Kc4 {[%clk 0:59:23]} 61. Be1
{[%clk 0:23:28]} d3 {[%clk 0:58:42]} 62. Ke3 {[%clk 0:23:26]} Nb3
{[%clk 0:58:19]} 63. Bd2 {[%clk 0:22:39]} Nxd2 {[%clk 0:55:31]} 64. Kxd2
{[%clk 0:20:04]} Kd4 {[%clk 0:55:27]} 65. Kd1 {[%clk 0:20:15]} Kc3
{[%clk 0:55:33]} 66. Kc1 {[%clk 0:20:17]} Kb4 {[%clk 0:55:59]} 67. Kd2
{[%clk 0:20:19]} Kxa5 {[%clk 0:56:26]} 68. Kxd3 {[%clk 0:20:44]} Kb4
{[%clk 0:56:51]} 69. Kc2 {[%clk 0:20:56]} Kc4 {[%clk 0:56:41]} 70. Kb2
{[%clk 0:21:05]} a5 {[%clk 0:56:59]} 71. Ka2 {[%clk 0:19:03]} Kb4
{[%clk 0:56:31]} 72. Kb2 {[%clk 0:19:02]} a4 {[%clk 0:56:55]} 73. Ka2
{[%clk 0:18:36]} a3 {[%clk 0:57:17]} 74. Kb1 {[%clk 0:18:37]} Kb3 75. Ka1 Kc2 76.
Ka2 1/2-1/2

[Event "MSR_ch16"]
[Site "?"]
[Date "2024.04.12"]
[Round "9.12"]
[White "Rebro, Damian"]
[Black "Simunek, Matej"]
[Result "1/2-1/2"]
[BlackElo "1711"]
[WhiteElo "1825"]
[LiveChessVersion "1.4.8"]

1. e4 {[%clk 1:30:59]} c6 {[%clk 1:30:15]} 2. d4 {[%clk 1:31:26]} d5
{[%clk 1:30:36]} 3. f3 {[%clk 1:31:53]} dxe4 {[%clk 1:30:43]} 4. fxe4
{[%clk 1:32:18]} e5 {[%clk 1:31:05]} 5. Nf3 {[%clk 1:32:45]} Bg4 {[%clk 1:31:28]}
6. Bc4 {[%clk 1:33:07]} Nd7 {[%clk 1:31:50]} 7. O-O {[%clk 1:33:20]} Ngf6
{[%clk 1:32:15]} 8. c3 {[%clk 1:33:10]} Bd6 {[%clk 1:32:26]} 9. Bg5
{[%clk 1:33:26]} Qc7 {[%clk 1:29:45]} 10. Nbd2 {[%clk 1:20:37]} O-O
{[%clk 1:26:41]} 11. Qc2 {[%clk 1:20:54]} b5 {[%clk 1:26:45]} 12. Bd3
{[%clk 1:21:06]} a6 {[%clk 1:25:32]} 13. h3 {[%clk 1:17:56]} Bh5 {[%clk 1:23:56]}
14. a4 {[%clk 1:14:18]} Rfe8 {[%clk 1:16:43]} 15. Nh4 {[%clk 1:10:03]} 1/2-1/2

[Event "MSR_ch16"]
[Site "?"]
[Date "2024.04.12"]
[Round "9.13"]
[White "Jura, Michal"]
[Black "Vida, Gergo"]
[Result "1-0"]
[BlackElo "1674"]
[WhiteElo "1822"]
[LiveChessVersion "1.4.8"]

1. e4 {[%clk 1:30:57]} c5 {[%clk 1:29:16]} 2. Nf3 {[%clk 1:31:11]} a6
{[%clk 1:29:11]} 3. c3 {[%clk 1:31:20]} d5 {[%clk 1:29:25]} 4. exd5
{[%clk 1:31:15]} Qxd5 {[%clk 1:29:50]} 5. d4 {[%clk 1:30:02]} e6 {[%clk 1:28:21]}
6. Be3 {[%clk 1:28:00]} Nf6 {[%clk 1:28:13]} 7. Be2 {[%clk 1:23:52]} Nc6
{[%clk 1:21:41]} 8. dxc5 {[%clk 1:21:41]} Qxd1+ {[%clk 1:21:21]} 9. Bxd1
{[%clk 1:21:53]} Ng4 {[%clk 1:21:43]} 10. b4 {[%clk 1:21:04]} Nxe3
{[%clk 1:21:51]} 11. fxe3 {[%clk 1:21:32]} Be7 {[%clk 1:21:44]} 12. Ba4
{[%clk 1:19:53]} O-O {[%clk 1:18:40]} 13. Nbd2 {[%clk 1:19:07]} Rd8
{[%clk 1:15:19]} 14. Bxc6 {[%clk 1:18:11]} bxc6 {[%clk 1:15:00]} 15. Nd4
{[%clk 1:18:18]} Bb7 {[%clk 1:14:42]} 16. Nc4 {[%clk 1:18:16]} a5
{[%clk 1:02:07]} 17. Nxa5 {[%clk 1:16:42]} Rxa5 {[%clk 1:02:28]} 18. bxa5
{[%clk 1:17:11]} Bxc5 {[%clk 1:02:37]} 19. Rb1 {[%clk 1:17:17]} Ba8
{[%clk 1:02:03]} 20. Ke2 {[%clk 1:17:02]} Be7 {[%clk 1:01:15]} 21. Rhd1
{[%clk 1:15:13]} Rc8 {[%clk 1:00:14]} 22. g3 {[%clk 1:14:54]} c5 {[%clk 0:58:28]}
23. Nf3 {[%clk 1:14:47]} Bd5 {[%clk 0:57:17]} 24. Kf2 {[%clk 1:14:09]} Bd8
{[%clk 0:56:23]} 25. a6 {[%clk 1:14:15]} h6 {[%clk 0:53:23]} 26. a7
{[%clk 1:13:01]} Bc7 {[%clk 0:52:31]} 27. c4 {[%clk 1:13:14]} Bc6
{[%clk 0:51:52]} 28. Nd2 {[%clk 1:01:20]} Ra8 {[%clk 0:51:49]} 29. Nb3
{[%clk 1:01:22]} Rxa7 {[%clk 0:52:08]} 30. Rd2 {[%clk 1:01:34]} Kf8
{[%clk 0:51:05]} 31. Nxc5 {[%clk 1:01:32]} Ke7 {[%clk 0:49:21]} 32. Rbd1
{[%clk 1:01:16]} Ke8 {[%clk 0:47:34]} 33. Nb3 {[%clk 1:00:34]} Ba4
{[%clk 0:42:22]} 34. Rb1 {[%clk 1:00:25]} e5 {[%clk 0:37:58]} 35. Nc5
{[%clk 0:56:51]} Bc6 {[%clk 0:38:07]} 36. Nd3 {[%clk 0:56:51]} Be4
{[%clk 0:37:36]} 37. Rb5 {[%clk 0:52:06]} f6 {[%clk 0:35:45]} 38. Nb4
{[%clk 0:51:52]} Ba5 {[%clk 0:30:52]} 39. Rb2 {[%clk 0:51:36]} Kf7
{[%clk 0:29:55]} 40. Nd5 {[%clk 0:51:01]} Kg6 {[%clk 0:28:55]} 41. Rb7
{[%clk 0:50:12]} Ra8 {[%clk 0:28:08]} 42. Rd7 {[%clk 0:50:03]} Bd8
{[%clk 0:25:01]} 43. c5 {[%clk 0:48:41]} Rc8 {[%clk 0:24:43]} 44. c6
{[%clk 0:48:46]} Bf5 {[%clk 0:23:47]} 45. Rxd8 {[%clk 0:47:35]} Rxd8
{[%clk 0:22:59]} 46. Ne7+ {[%clk 0:47:58]} Kg5 {[%clk 0:22:55]} 47. c7
{[%clk 0:48:14]} Re8 {[%clk 0:20:22]} 48. Nxf5 {[%clk 0:48:07]} Kxf5
{[%clk 0:20:32]} 49. Rb8 {[%clk 0:48:34]} 1-0

[Event "MSR_ch16"]
[Site "?"]
[Date "2024.04.12"]
[Round "9.14"]
[White "Carnecky, Viliam"]
[Black "Hozlar, Michal"]
[Result "1-0"]
[BlackElo "1696"]
[WhiteElo "1789"]
[LiveChessVersion "1.4.8"]

1. e4 {[%clk 1:30:53]} c5 {[%clk 1:30:33]} 2. c3 {[%clk 1:31:19]} Nf6
{[%clk 1:30:40]} 3. e5 {[%clk 1:31:01]} Nd5 {[%clk 1:30:46]} 4. d4
{[%clk 1:31:20]} cxd4 {[%clk 1:30:54]} 5. Nf3 {[%clk 1:31:31]} Nc6
{[%clk 1:31:05]} 6. Bc4 {[%clk 1:30:13]} Nb6 {[%clk 1:31:11]} 7. Bb3
{[%clk 1:24:53]} d5 {[%clk 1:31:26]} 8. exd6 {[%clk 1:21:25]} Qxd6
{[%clk 1:31:46]} 9. cxd4 {[%clk 1:21:07]} Be6 {[%clk 1:28:51]} 10. Bc2
{[%clk 1:18:06]} g6 {[%clk 1:26:26]} 11. O-O {[%clk 1:18:14]} Bg7
{[%clk 1:26:32]} 12. Be3 {[%clk 1:16:36]} O-O-O {[%clk 1:22:17]} 13. Nc3
{[%clk 1:15:58]} a6 {[%clk 1:20:16]} 14. Be4 {[%clk 1:09:10]} Nxd4
{[%clk 1:16:06]} 15. Nxd4 {[%clk 1:07:08]} Bxd4 {[%clk 1:16:25]} 16. Qf3
{[%clk 1:06:12]} Bxe3 {[%clk 1:12:19]} 17. Bxb7+ {[%clk 1:06:14]} Kb8
{[%clk 1:12:28]} 18. fxe3 {[%clk 1:05:27]} Bc4 {[%clk 1:10:27]} 19. Rfd1
{[%clk 1:02:17]} Qc7 {[%clk 1:10:34]} 20. Bc6 {[%clk 0:58:52]} Rc8
{[%clk 1:03:03]} 21. Be4 {[%clk 0:52:32]} Rhd8 {[%clk 1:00:24]} 22. Rac1
{[%clk 0:48:12]} Qe5 {[%clk 0:57:09]} 23. Bb7 {[%clk 0:45:44]} Rxd1+
{[%clk 0:57:21]} 24. Rxd1 {[%clk 0:46:00]} Rc7 {[%clk 0:57:13]} 25. Be4
{[%clk 0:37:25]} Rd7 {[%clk 0:55:14]} 26. Rxd7 {[%clk 0:32:32]} Nxd7
{[%clk 0:54:08]} 27. Ba8 {[%clk 0:31:43]} Nc5 {[%clk 0:52:14]} 28. Na4
{[%clk 0:30:41]} Qf5 {[%clk 0:50:15]} 29. Nxc5 {[%clk 0:29:00]} Qb1+
{[%clk 0:50:34]} 30. Kf2 {[%clk 0:29:25]} Qxb2+ {[%clk 0:50:53]} 31. Kg3
{[%clk 0:28:45]} Qe5+ {[%clk 0:51:04]} 32. Kh3 {[%clk 0:28:41]} Be6+
{[%clk 0:50:57]} 33. Nxe6 {[%clk 0:28:57]} Qxe6+ {[%clk 0:51:13]} 34. g4
{[%clk 0:29:09]} 1-0

[Event "MSR_ch16"]
[Site "?"]
[Date "2024.04.12"]
[Round "9.15"]
[White "Bersihand, Hugo Maria"]
[Black "Libich, Oliver"]
[Result "1/2-1/2"]
[BlackElo "1857"]
[WhiteElo "1513"]
[LiveChessVersion "1.4.8"]

1. e4 {[%clk 1:30:58]} e5 {[%clk 1:30:57]} 2. Nf3 {[%clk 1:31:24]} Nc6
{[%clk 1:31:27]} 3. Bb5 {[%clk 1:31:46]} a6 {[%clk 1:31:52]} 4. Ba4
{[%clk 1:32:07]} d6 {[%clk 1:32:16]} 5. Nc3 {[%clk 1:31:44]} Nf6 {[%clk 1:32:05]}
6. d3 {[%clk 1:31:38]} Be7 {[%clk 1:32:20]} 7. O-O {[%clk 1:31:35]} O-O
{[%clk 1:32:48]} 8. h3 {[%clk 1:31:03]} Be6 {[%clk 1:32:02]} 9. Ng5
{[%clk 1:29:51]} Bd7 {[%clk 1:28:09]} 10. Be3 h6 {[%clk 1:27:47]} 11. Nf3
{[%clk 1:28:30]} Qe8 {[%clk 1:15:28]} 12. Bb3 {[%clk 1:26:36]} Na5
{[%clk 1:13:00]} 13. Qd2 {[%clk 1:23:18]} Nxb3 {[%clk 1:12:31]} 14. axb3
{[%clk 1:23:47]} Bc6 {[%clk 1:11:57]} 15. Ne2 {[%clk 1:20:38]} Rd8
{[%clk 1:09:36]} 16. c4 {[%clk 1:15:42]} Nh7 {[%clk 1:07:09]} 17. Ng3
{[%clk 1:11:18]} Bd7 {[%clk 1:04:34]} 18. Nh2 {[%clk 1:04:38]} Bh4
{[%clk 1:04:15]} 19. Qb4 {[%clk 1:01:17]} Bxg3 {[%clk 0:59:21]} 20. fxg3
{[%clk 1:01:12]} Bc8 {[%clk 0:59:49]} 21. Nf3 {[%clk 0:59:27]} Qc6
{[%clk 0:58:25]} 22. Rf2 {[%clk 0:56:44]} f5 {[%clk 0:57:01]} 23. exf5
{[%clk 0:54:01]} Rxf5 {[%clk 0:47:23]} 24. g4 {[%clk 0:52:13]} Rff8
{[%clk 0:45:13]} 25. Raf1 {[%clk 0:51:01]} Qe8 {[%clk 0:31:32]} 26. Re1
{[%clk 0:47:21]} g5 {[%clk 0:20:24]} 27. Qd2 {[%clk 0:42:21]} Qg6
{[%clk 0:20:18]} 28. b4 {[%clk 0:38:54]} Rde8 {[%clk 0:18:11]} 29. Qc2
{[%clk 0:36:54]} Nf6 {[%clk 0:08:36]} 30. Ref1 {[%clk 0:34:05]} c6
{[%clk 0:02:43]} 31. Bb6 {[%clk 0:32:20]} d5 {[%clk 0:01:21]} 32. Bc7
{[%clk 0:31:18]} e4 {[%clk 0:00:43]} 33. Ne5 {[%clk 0:28:42]} Rxe5
{[%clk 0:00:37]} 34. Bxe5 {[%clk 0:29:04]} exd3 {[%clk 0:00:59]} 35. Qd2
{[%clk 0:29:13]} Nd7 {[%clk 0:01:03]} 36. Rxf8+ {[%clk 0:28:58]} Nxf8
{[%clk 0:01:33]} 37. cxd5 {[%clk 0:27:22]} cxd5 {[%clk 0:01:36]} 38. Bd4
{[%clk 0:26:28]} Qe4 {[%clk 0:00:32]} 39. Qf2 {[%clk 0:24:15]} Qf4
{[%clk 0:00:32]} 40. Qxf4 {[%clk 0:24:26]} gxf4 {[%clk 0:01:00]} 41. Rd1
{[%clk 0:24:32]} Ne6 {[%clk 0:01:17]} 42. Rxd3 {[%clk 0:24:18]} Bd7
{[%clk 0:01:00]} 43. Be5 {[%clk 0:23:36]} Bc6 {[%clk 0:01:17]} 44. Kf2
{[%clk 0:22:32]} Kf7 {[%clk 0:01:36]} 45. g3 {[%clk 0:22:34]} fxg3+
{[%clk 0:00:57]} 46. Kxg3 {[%clk 0:22:49]} Ng5 {[%clk 0:23:49]} 47. Kh4
{[%clk 0:49:23]} Kg6 {[%clk 0:24:15]} 48. Bc3 {[%clk 0:47:12]} Ne4
{[%clk 0:23:56]} 49. Rf3 {[%clk 0:45:42]} Bb5 {[%clk 0:19:35]} 1/2-1/2

[Event "MSR_ch16"]
[Site "?"]
[Date "2024.04.12"]
[Round "9.16"]
[White "Barta, Dominik"]
[Black "Sujan, Daniel"]
[Result "1/2-1/2"]
[BlackElo "1702"]
[WhiteElo "1577"]
[LiveChessVersion "1.4.8"]

1. e4 {[%clk 1:31:00]} e5 {[%clk 1:30:54]} 2. Nc3 {[%clk 1:31:25]} Nc6
{[%clk 1:31:12]} 3. Bc4 {[%clk 1:31:49]} Nf6 {[%clk 1:31:31]} 4. d3
{[%clk 1:32:12]} Na5 {[%clk 1:30:56]} 5. Bb3 {[%clk 1:31:35]} Nxb3
{[%clk 1:31:19]} 6. axb3 {[%clk 1:31:59]} Bb4 {[%clk 1:30:47]} 7. f4
{[%clk 1:32:10]} d6 {[%clk 1:28:32]} 8. Nf3 {[%clk 1:32:21]} exf4
{[%clk 1:27:39]} 9. Bxf4 {[%clk 1:32:50]} h6 {[%clk 1:26:37]} 10. O-O
{[%clk 1:32:49]} O-O {[%clk 1:25:19]} 11. Nd4 {[%clk 1:23:02]} Bc5
{[%clk 1:22:53]} 12. Be3 {[%clk 1:22:48]} Ng4 {[%clk 1:22:14]} 13. Qd2
{[%clk 1:22:41]} c6 {[%clk 1:14:40]} 14. Nf5 {[%clk 1:20:14]} Nxe3
{[%clk 1:10:40]} 15. Nxe3 {[%clk 1:20:43]} Qb6 {[%clk 1:09:43]} 16. Rae1
{[%clk 1:19:49]} Be6 {[%clk 1:02:56]} 17. Na4 {[%clk 1:17:05]} Bxe3+
{[%clk 1:03:09]} 18. Qxe3 {[%clk 1:17:30]} Qxe3+ {[%clk 1:03:26]} 19. Rxe3
{[%clk 1:17:58]} Rae8 {[%clk 0:59:27]} 20. e5 {[%clk 1:14:11]} dxe5
{[%clk 0:54:38]} 21. Rxe5 {[%clk 1:14:36]} b6 {[%clk 0:54:19]} 22. Rfe1
{[%clk 1:09:26]} Bd7 {[%clk 0:53:34]} 23. Re7 {[%clk 1:09:34]} Rxe7
{[%clk 0:53:24]} 24. Rxe7 {[%clk 1:10:03]} Rd8 {[%clk 0:53:36]} 25. Nc3
{[%clk 1:09:02]} Kf8 {[%clk 0:53:35]} 26. Re3 {[%clk 1:04:11]} Re8
{[%clk 0:53:20]} 27. Rxe8+ {[%clk 1:04:25]} Kxe8 {[%clk 0:53:40]} 28. Ne4
{[%clk 1:02:58]} Ke7 {[%clk 0:53:34]} 29. Kf2 {[%clk 1:02:14]} f5
{[%clk 0:50:57]} 30. Nd2 {[%clk 1:01:55]} Be6 {[%clk 0:50:18]} 31. b4
{[%clk 1:01:48]} g5 {[%clk 0:47:16]} 32. Nf3 {[%clk 1:00:57]} Kd6
{[%clk 0:42:30]} 33. Nd4 {[%clk 0:54:05]} Bd7 {[%clk 0:37:07]} 34. Ke3
{[%clk 0:53:18]} c5 {[%clk 0:29:36]} 35. bxc5+ {[%clk 0:53:02]} Kxc5
{[%clk 0:29:47]} 36. c3 {[%clk 0:50:53]} a5 {[%clk 0:26:15]} 37. Nb3+
{[%clk 0:50:25]} Kd5 {[%clk 0:24:31]} 38. c4+ {[%clk 0:49:20]} 1/2-1/2

[Event "MSR_ch16"]
[Site "?"]
[Date "2024.04.12"]
[Round "9.18"]
[White "Kyselica, Daniel"]
[Black "Tonhajzer, Matus"]
[Result "1-0"]
[BlackElo "1549"]
[WhiteElo "1652"]
[LiveChessVersion "1.4.8"]

1. d4 {[%clk 1:26:10]} d5 {[%clk 1:30:56]} 2. c4 {[%clk 1:26:23]} e6
{[%clk 1:31:08]} 3. Nc3 {[%clk 1:26:34]} c5 {[%clk 1:30:23]} 4. cxd5 exd5
{[%clk 1:30:37]} 5. Nf3 {[%clk 1:27:26]} Nf6 {[%clk 1:30:33]} 6. Bg5
{[%clk 1:27:11]} Nc6 {[%clk 1:28:40]} 7. g3 {[%clk 1:25:14]} Be7 {[%clk 1:26:48]}
8. Bg2 {[%clk 1:24:13]} Be6 {[%clk 1:24:31]} 9. O-O {[%clk 1:23:19]} O-O
{[%clk 1:23:53]} 10. Rc1 {[%clk 1:19:19]} Rc8 {[%clk 1:21:26]} 11. e3
{[%clk 1:18:47]} Qd7 {[%clk 1:15:20]} 12. dxc5 {[%clk 1:17:12]} Rfd8
{[%clk 1:07:47]} 13. a3 {[%clk 1:16:25]} Na5 {[%clk 1:04:24]} 14. b4
{[%clk 1:15:54]} Nc4 {[%clk 1:04:48]} 15. Qb3 {[%clk 1:12:30]} Ne4
{[%clk 0:59:23]} 16. Bxe7 {[%clk 1:12:16]} Qxe7 {[%clk 0:59:42]} 17. Rfd1
{[%clk 1:09:43]} Qd7 {[%clk 0:53:30]} 18. Nxe4 {[%clk 1:06:50]} Na5 19. Nf6+
{[%clk 0:55:06]} gxf6 {[%clk 0:30:51]} 20. bxa5 {[%clk 0:55:27]} Qe7
{[%clk 0:29:48]} 21. Qb4 {[%clk 0:53:26]} Qc7 {[%clk 0:25:36]} 22. Nd4
{[%clk 0:50:27]} h6 {[%clk 0:24:36]} 23. c6 {[%clk 0:49:28]} bxc6
{[%clk 0:23:44]} 24. Rxc6 {[%clk 0:49:46]} Qd7 {[%clk 0:24:12]} 25. Rdc1
{[%clk 0:49:55]} Rb8 {[%clk 0:23:45]} 26. Qc5 {[%clk 0:49:35]} Kh7
{[%clk 0:23:43]} 27. Nxe6 1-0

[Event "MSR_ch16"]
[Site "?"]
[Date "2024.04.12"]
[Round "9.19"]
[White "Karaba, Rudolf"]
[Black "Malina, Marko"]
[Result "1-0"]
[BlackElo "1000"]
[WhiteElo "1640"]
[LiveChessVersion "1.4.8"]

1. c4 {[%clk 1:30:42]} e5 {[%clk 1:30:52]} 2. Nc3 {[%clk 1:31:06]} Nf6
{[%clk 1:31:13]} 3. Nf3 {[%clk 1:30:45]} Nc6 {[%clk 1:31:03]} 4. d3
{[%clk 1:31:00]} d5 {[%clk 1:31:08]} 5. cxd5 {[%clk 1:31:24]} Nxd5
{[%clk 1:31:33]} 6. e4 {[%clk 1:31:46]} Nf6 {[%clk 1:31:12]} 7. Be2
{[%clk 1:31:42]} Bc5 {[%clk 1:24:26]} 8. h3 {[%clk 1:31:11]} h6 {[%clk 1:24:11]}
9. Be3 {[%clk 1:31:06]} Bb6 {[%clk 1:24:05]} 10. Qd2 {[%clk 1:30:48]} Be6
{[%clk 1:22:23]} 11. a3 {[%clk 1:29:55]} Nd4 {[%clk 1:21:41]} 12. Bd1
{[%clk 1:25:39]} Qd6 {[%clk 1:19:24]} 13. Bxd4 {[%clk 1:23:12]} Bxd4
{[%clk 1:19:32]} 14. Bc2 {[%clk 1:22:03]} a6 {[%clk 1:18:38]} 15. O-O
{[%clk 1:20:27]} Rd8 {[%clk 1:14:18]} 16. Rfd1 {[%clk 1:18:54]} g5
{[%clk 1:10:14]} 17. Nxd4 {[%clk 1:18:19]} Qxd4 {[%clk 1:08:30]} 18. Ne2
{[%clk 1:18:26]} Qd7 {[%clk 1:05:16]} 19. a4 {[%clk 1:18:18]} Nxe4
{[%clk 1:03:22]} 20. Qe3 {[%clk 1:17:32]} Nf6 {[%clk 0:59:47]} 21. Qxe5
{[%clk 1:16:37]} Ke7 {[%clk 0:59:29]} 22. Ng3 {[%clk 1:16:30]} Rdg8
{[%clk 0:54:26]} 23. d4 {[%clk 1:16:30]} Nd5 {[%clk 0:53:03]} 24. Bb3
{[%clk 1:15:54]} Kd8 {[%clk 0:50:07]} 25. Rac1 {[%clk 1:15:31]} c6
{[%clk 0:49:12]} 26. Re1 {[%clk 1:14:09]} Qc7 {[%clk 0:45:48]} 27. Bxd5
{[%clk 1:10:23]} Qxe5 {[%clk 0:45:20]} 28. Rxe5 {[%clk 1:10:15]} Bxd5
{[%clk 0:45:25]} 29. Rce1 {[%clk 1:05:49]} Re8 {[%clk 0:44:50]} 30. Rxe8+
{[%clk 1:05:35]} Rxe8 {[%clk 0:45:12]} 31. Rxe8+ {[%clk 1:06:03]} Kxe8
{[%clk 0:45:33]} 32. f3 {[%clk 1:05:37]} a5 {[%clk 0:43:48]} 33. Nf5
{[%clk 1:05:47]} Bb3 {[%clk 0:41:18]} 34. Nd6+ {[%clk 1:05:36]} Kd7
{[%clk 0:40:35]} 35. Nxb7 {[%clk 1:05:19]} Bxa4 {[%clk 0:39:23]} 36. Nxa5
{[%clk 1:05:41]} Kd6 {[%clk 0:39:37]} 37. Kf2 {[%clk 1:06:02]} Kd5
{[%clk 0:39:05]} 38. Ke3 {[%clk 1:06:26]} Bb5 {[%clk 0:39:27]} 39. g3
{[%clk 1:05:26]} h5 {[%clk 0:38:31]} 40. h4 {[%clk 1:03:50]} f6 {[%clk 0:37:25]}
41. b3 {[%clk 1:03:06]} Ba6 {[%clk 0:34:06]} 42. b4 {[%clk 1:01:51]} Bc8
{[%clk 0:32:08]} 43. Nb3 {[%clk 1:01:31]} g4 {[%clk 0:31:13]} 44. fxg4
{[%clk 1:00:19]} Bxg4 {[%clk 0:31:32]} 45. Nc1 {[%clk 0:59:59]} Kc4
{[%clk 0:30:48]} 46. Nd3 {[%clk 1:00:12]} Bf5 {[%clk 0:30:06]} 47. Nf4
{[%clk 1:00:33]} Bg4 {[%clk 0:30:21]} 48. Ng6 {[%clk 1:00:09]} Kxb4
{[%clk 0:30:15]} 49. Ne7 {[%clk 0:59:05]} Kb5 {[%clk 0:28:40]} 50. Ng8
{[%clk 0:58:40]} f5 {[%clk 0:27:28]} 51. Ne7 {[%clk 0:59:01]} c5 {[%clk 0:26:25]}
52. dxc5 {[%clk 0:58:56]} Kxc5 {[%clk 0:26:42]} 53. Kf4 {[%clk 0:59:23]} Kd6
{[%clk 0:25:56]} 54. Nxf5+ {[%clk 0:59:35]} Ke6 {[%clk 0:26:09]} 55. Ne3
{[%clk 0:58:56]} Be2 {[%clk 0:25:55]} 56. Kg5 {[%clk 0:59:06]} Bf3
{[%clk 0:25:54]} 57. Nf5 {[%clk 0:58:50]} Kf7 {[%clk 0:25:37]} 58. Ne3
{[%clk 0:57:39]} Kg7 {[%clk 0:25:42]} 59. Nc2 {[%clk 0:57:26]} Bd1
{[%clk 0:25:52]} 60. Ne1 {[%clk 0:57:48]} Be2 {[%clk 0:26:03]} 61. Ng2
{[%clk 0:58:07]} Bd1 {[%clk 0:25:07]} 62. Nf4 {[%clk 0:58:32]} Kh7
{[%clk 0:25:02]} 63. Nxh5 {[%clk 0:58:48]} Be2 {[%clk 0:25:15]} 64. Nf6+
{[%clk 0:59:09]} Kg7 {[%clk 0:25:31]} 65. Nd7 {[%clk 0:58:25]} Kh7
{[%clk 0:25:40]} 66. h5 {[%clk 0:58:36]} Kg7 {[%clk 0:25:07]} 67. g4
{[%clk 0:58:07]} Kh7 {[%clk 0:25:09]} 68. Kh4 {[%clk 0:57:47]} Kh6
{[%clk 0:25:26]} 69. g5+ {[%clk 0:58:10]} Kh7 {[%clk 0:25:47]} 70. Ne5
{[%clk 0:58:09]} Bd1 {[%clk 0:25:25]} 71. g6+ {[%clk 0:58:25]} Kh6
{[%clk 0:25:32]} 72. Nf7+ {[%clk 0:58:43]} Kg7 {[%clk 0:25:53]} 73. Kg5
{[%clk 0:59:07]} Bxh5 {[%clk 0:26:10]} 74. Kxh5 {[%clk 0:59:26]} Kf8
{[%clk 0:26:29]} 75. Kh6 {[%clk 0:59:13]} Kg8 {[%clk 0:26:57]} 76. g7
{[%clk 0:59:31]} Kxf7 {[%clk 0:27:18]} 77. Kh7 {[%clk 0:59:58]} 1-0